000 00410nam a2200145Ia 4500
008 100204s9999 xx 000 0 und d
082 _b12879
100 _aरांगणेकर कुमुदिनी
245 _aनकळत
260 _b"अर्चना प्रकासन, पुणे"
_c1990
300 _a187
630 _aनकळत
730 _aनकळत
942 _cBOOK
999 _c457311
_d457308